| 000 | 00664nam a22001817a 4500 | ||
|---|---|---|---|
| 999 |
_c57229 _d57229 |
||
| 005 | 20200123150704.0 | ||
| 008 | 200123c2019 ||||| |||| 00| 0 geo d | ||
| 020 | _q1512259X | ||
| 041 | _ageo | ||
| 245 |
_aმართლმსაჯულება და კანონი : _b2019 / _cრედ. ნინო ძიძიგური. |
||
| 260 |
_aთბილისი, _c2019. |
||
| 300 | _aV. | ||
| 653 | _aსამართალი | ||
| 653 | _aიურიდიული ჟურნალი | ||
| 653 | _aპერიოდიკა | ||
| 700 |
_aძიძიგური, ნინო _eრედაქტორი _96342 |
||
| 942 |
_2udc _cBK |
||